[Event "Tianjin Prestigious Univ-ch"]
[Site "Tianjin"]
[Date "2019.11.29"]
[Round "10"]
[White "Wei, Siyu"]
[Black "Lu, Andrew H"]
[Result "1-0"]
[WhiteElo "2106"]
[BlackElo "2071"]
[PlyCount "44"]
[EventDate "2019.11.26"]
[EventType "team-tourn"]
[EventRounds "11"]
[EventCountry "CHN"]
[SourceTitle "CBM 193 Extra"]
[Source "ChessBase"]
[SourceDate "2020.01.31"]
[SourceVersion "1"]
[SourceVersionDate "2020.01.31"]
[SourceQuality "1"]

1. d4 Nf6 2. Bg5 Ne4 3. Bf4 c5 4. d5 Qb6 5. Qc1 e6 6. dxe6 dxe6 7. Nf3 Be7 8. e3 0-0 9. Bd3 Nf6 10. Nbd2 Nd5 11. Bg3 Nc6 12. c3 Qd8 13. Qc2 h6 14. 0-0 b6 15. Rfd1 Bb7 16. Nc4 b5 17. Nce5 Nxe5 18. Nxe5 c4 19. Bh7+ Kh8 20. e4 Ne3 21. fxe3 Qc8 22. Bg6 Qe8 1-0

[Event "Belt and Road Hunan op-B"]
[Site "Changsha"]
[Date "2019.07.31"]
[Round "4"]
[White "Peng, Hongchi"]
[Black "Wei, Siyu"]
[Result "1-0"]
[WhiteElo "2337"]
[BlackElo "2083"]
[PlyCount "121"]
[EventDate "2019.07.29"]
[EventType "swiss"]
[EventRounds "9"]
[EventCountry "CHN"]
[SourceTitle "EXT 2020"]
[Source "ChessBase"]
[SourceDate "2019.10.17"]
[SourceVersion "1"]
[SourceVersionDate "2019.10.17"]
[SourceQuality "1"]

1. e4 e5 2. Nf3 Nf6 3. Nxe5 d6 4. Nf3 Nxe4 5. Nc3 Nxc3 6. dxc3 Be7 7. Be3 Nc6 8. Qd2 Be6 9. 0-0-0 Qd7 10. a3 0-0-0 11. Nd4 a6 12. Nxe6 Qxe6 13. Kb1 d5 14. Bd3 Ne5 15. Bd4 Nxd3 16. Qxd3 f6 17. f4 Bd6 18. Rhe1 Qd7 19. Be3 c6 20. g3 b5 21. Bb6 Rde8 22. Rxe8+ Qxe8 23. Qd4 Qd7 24. Re1 Re8 25. Rxe8+ Qxe8 26. Ba5 Qd7 27. Qb6 f5 28. Bb4 Bb8 29. Qxa6+ Qb7 30. Qxb7+ Kxb7 31. Bc5 g6 32. Kc1 Bc7 33. Kd2 Bd8 34. Kd3 Bf6 35. b3 Bg7 36. c4 dxc4+ 37. bxc4 Ka6 38. Bd6 Ka5 39. Bb4+ Ka4 40. cxb5 Kxb5 41. Bd6 Bf6 42. a4+ Kb6 43. Kc4 Bd8 44. Bb4 Kb7 45. a5 Bf6 46. Bd6 Bd8 47. Kb4 h6 48. h3 h5 49. h4 Bf6 50. Kc5 Bc3 51. a6+ Kxa6 52. Kxc6 Be1 53. Be7 Bxg3 54. Bg5 Ka5 55. Kd5 Kb4 56. c4 Bf2 57. Be7+ Kc3 58. c5 Kd3 59. c6 Bb6 60. Kd6 Ke4 61. Bg5 1-0

[Event "Belt and Road Hunan op-B"]
[Site "Changsha"]
[Date "2019.07.30"]
[Round "3"]
[White "Wei, Siyu"]
[Black "Xiao, Yiyi"]
[Result "1-0"]
[WhiteElo "2083"]
[BlackElo "2317"]
[PlyCount "93"]
[EventDate "2019.07.29"]
[EventType "swiss"]
[EventRounds "9"]
[EventCountry "CHN"]
[SourceTitle "EXT 2020"]
[Source "ChessBase"]
[SourceDate "2019.10.17"]
[SourceVersion "1"]
[SourceVersionDate "2019.10.17"]
[SourceQuality "1"]

1. d4 d5 2. Nf3 Nf6 3. Bf4 c5 4. c3 Nc6 5. e3 e6 6. Bd3 Bd6 7. Bxd6 Qxd6 8. Nbd2 0-0 9. 0-0 e5 10. dxe5 Nxe5 11. Nxe5 Qxe5 12. Qf3 Be6 13. Qg3 Qxg3 14. hxg3 Rfd8 15. Rad1 Kf8 16. a3 Rac8 17. Rfe1 Rc7 18. Nf3 Bg4 19. Rd2 a6 20. Bc2 Bxf3 21. gxf3 Rcd7 22. Red1 h5 23. Bf5 Rd6 24. e4 d4 25. cxd4 Rxd4 26. Rxd4 cxd4 27. e5 Ne8 28. Kf1 Ke7 29. f4 g6 30. Be4 Rd7 31. Ke2 Ng7 32. Rc1 Ke6 33. Kd3 h4 34. Bg2 f5 35. Bf3 g5 36. Rh1 g4 37. Bd1 h3 38. f3 Rd8 39. fxg4 Rh8 40. Kxd4 h2 41. Ke3 Ke7 42. Bf3 b5 43. Kf2 Ne6 44. gxf5 Nd4 45. f6+ Kf7 46. Bd5+ Kf8 47. Rc1 1-0

[Event "Belt and Road Hunan op-B"]
[Site "Changsha"]
[Date "2019.07.30"]
[Round "2"]
[White "Yuan, Qingyu"]
[Black "Wei, Siyu"]
[Result "1/2-1/2"]
[WhiteElo "2359"]
[BlackElo "2083"]
[PlyCount "43"]
[EventDate "2019.07.29"]
[EventType "swiss"]
[EventRounds "9"]
[EventCountry "CHN"]
[SourceTitle "EXT 2020"]
[Source "ChessBase"]
[SourceDate "2019.10.17"]
[SourceVersion "1"]
[SourceVersionDate "2019.10.17"]
[SourceQuality "1"]

1. Nf3 Nf6 2. c4 g6 3. Nc3 Bg7 4. g3 c5 5. Bg2 Nc6 6. d4 cxd4 7. Nxd4 0-0 8. 0-0 Nxd4 9. Qxd4 d6 10. Qd3 Bf5 11. e4 Be6 12. b3 Qd7 13. Bb2 Bh3 14. Rad1 Bxg2 15. Kxg2 Qc6 16. Nd5 Nxd5 17. exd5 Qd7 18. Bxg7 Kxg7 19. Rfe1 Rfe8 20. Qe4 b6 21. Qe3 Rac8 22. h4 1/2-1/2

[Event "CHN Team"]
[Site "Zhongshan"]
[Date "2015.07.15"]
[Round "10"]
[White "Wei, Siyu"]
[Black "Wu, Xibin"]
[Result "0-1"]
[WhiteElo "2095"]
[BlackElo "2273"]
[PlyCount "134"]
[EventDate "2015.07.11"]
[EventType "team-swiss"]
[EventRounds "11"]
[EventCountry "CHN"]
[SourceTitle "CBM 167 Extra"]
[Source "ChessBase"]
[SourceDate "2015.09.14"]
[SourceVersion "1"]
[SourceVersionDate "2015.09.14"]
[SourceQuality "1"]
[WhiteTeam "Chengdu Bud"]
[BlackTeam "Heilongjiang"]
[WhiteTeamCountry "CHN"]
[BlackTeamCountry "CHN"]

1. d4 Nf6 2. Bg5 e6 3. e4 h6 4. Bxf6 Qxf6 5. Nc3 b6 6. Nf3 Bb7 7. Bd3 g5 8. e5 Qe7 9. Be4 Nc6 10. d5 Na5 11. dxe6 fxe6 12. Bxb7 Nxb7 13. 0-0 0-0-0 14. Qe2 Kb8 15. a4 Qb4 16. Nb5 Na5 17. b3 c6 18. Na3 Bc5 19. Nc4 Nxc4 20. bxc4 Rhf8 21. a5 Qc3 22. axb6 g4 23. bxa7+ Ka8 24. Qe1 Qxe1 25. Nxe1 Bd4 26. Ra4 Bxe5 27. Nd3 Bd4 28. c5 e5 29. c3 Bxc3 30. Rxg4 d5 31. cxd6 Rxd6 32. Nc5 Rf4 33. Rg8+ Kxa7 34. Rb1 Rb4 35. Rg7+ Kb6 36. Rxb4+ Bxb4 37. Nd7+ Kb5 38. g4 e4 39. h4 c5 40. Ne5 Bc3 41. Rb7+ Ka4 42. Re7 Kb3 43. g5 hxg5 44. hxg5 Bd4 45. Kf1 Rd5 46. f4 exf3 47. Nxf3 c4 48. Ke2 c3 49. Rb7+ Kc4 50. Kd1 Bc5+ 51. Kc2 Rf5 52. Nd2+ cxd2 53. Kxd2 Rf2+ 54. Ke1 Rg2 55. Kf1 Rxg5 56. Ke2 Rf5 57. Rd7 Rf2+ 58. Ke1 Rh2 59. Kf1 Bd4 60. Rb7 Kd5 61. Rb3 Ke4 62. Ke1 Be3 63. Rb7 Kf3 64. Rf7+ Bf4 65. Kd1 Rd2+ 66. Ke1 Rd8 67. Rf6 Rc8 0-1